Quizzes
Events
Quiz Creation
Community
Videos
Private Events
Remove Ads
Sign In
Join for FREE
Feedback
Dark Mode
Quiz Categories
Sports
Geography
Music
Movies
Television
Just For Fun
Miscellaneous
History
Literature
Language
Science
Gaming
Entertainment
Religion
Holiday
For Kids
Quiz Lab
Recent
Popular Today
Quiz Kudos Today
Editor Picks
Curator Picks
Quizzes by...
Day
Popularity
Type
Ratings
Length
Year
Community
Subscriptions
Recent Discussions
Orange Saloon
Badges
Playlists
Quests
Create
Leaderboards
Showdown
Live 5
Trivia Bingo
Activity
Puzzle Library
Sporcle Events
Private Events
Virtual Trivia
Globe League
Become a Host
Pub Owners
SporcleCon
Opinionation
Our Games
Videos
Blog
Mobile Apps
Partnerships
Remove Ads and Go Orange
Feedback
Music
Pop Music
The Beatles
Song
Album
Lyrics
Bands
Singers
Artist
Clip
Rock
Rap
Classical
Billboard
Country Music
Kpop
Taylor Swift
Music
Pop Music
The Beatles
Song
Album
Lyrics
Bands
Singers
Artist
Clip
Rock
Rap
Classical
Billboard
Country Music
Kpop
Taylor Swift
Random Quiz
Search Sporcle
×
Quiz Lab
Quiz Lab
Music
United Kingdom
Type in answers that appear in a list
Type in answers that appear in a list
Classic
Best Score? Go Orange.
A British Invasion of Hit Singles Stats
Can you name the highest charting songs on the US Hot 100 by these British bands?
By
SporcleEXP
7m
60 Questions
275 Plays
275 Plays
275 Plays
Comments
Comments
Give Quiz Kudos
Give Quiz Kudos
-
- Ratings
hide this ad
More Info
Replay
Link that replays current quiz
Next Quiz
Link to next quiz in quiz playlist
You Got
0%
They Got
Avg Score
22%
Avg Friend Score
Upgrade to see
Score Distribution
Jump to the score distribution portion of the page
Score
0/60
Timer
07:00
0
Plays Today
Peak Position
Song
% Correct
Oasis
Wonderwall
67.2%
Queen
Bohemian Rhapsody
64.2%
The Police
Every Breath You Take
62%
Spice Girls
Wannabe
61.3%
Led Zeppelin
Whole Lotta Love
57.7%
Pink Floyd
Another Brick in the Wall (Part II)
57.7%
Radiohead
Creep
50.7%
Coldplay
Viva la Vida
47.1%
The Police
Don't Stand So Close to Me
43.4%
Pink Floyd
Money
41.2%
The Who
Won't Get Fooled Again
39.8%
Coldplay
Clocks
39.4%
Queen
We Are the Champions
38.3%
Led Zeppelin
Black Dog
36.5%
Queen
Another One Bites the Dust
36.5%
The Who
Who Are You
35.8%
Fleetwood Mac
Don't Stop
32.8%
Def Leppard
Pour Some Sugar on Me
32.8%
Led Zeppelin
Immigrant Song
32.1%
Fleetwood Mac
Dreams
31.8%
Spice Girls
2 Become 1
29.6%
Oasis
Champagne Supernova
27.7%
Queen
Crazy Little Thing Called Love
25.9%
The Police
Every Little Thing She Does is Magic
23.7%
The Who
I Can See for Miles
23.7%
Oasis
Live Forever
20.8%
Spice Girls
Say You'll Be There
19%
The Police
King of Pain
17.9%
Coldplay
Speed of Sound
17.9%
Muse
Hysteria
17.9%
Peak Position
Song
% Correct
Def Leppard
Hysteria
17.9%
Fleetwood Mac
Little Lies
15%
Led Zeppelin
D'yer Mak'er
14.6%
The Who
Squeeze Box
12.8%
Coldplay
Violet Hill/Lost+
12%
Muse
Uprising
10.9%
Led Zeppelin
Fool in the Rain
10.2%
Muse
Starlight
10.2%
Radiohead
High and Dry
9.9%
Def Leppard
Love Bites
9.5%
Fleetwood Mac
Big Love
9.1%
Spice Girls
Too Much
8.4%
Spice Girls
Goodbye
8.4%
The Police
De Do Do Do, De Da Da Da
7.7%
The Who
See Me, Feel Me
6.9%
Oasis
D'You Know What I Mean?
6.9%
Fleetwood Mac
Hold Me
6.9%
Pink Floyd
Learning to Fly
6.6%
Def Leppard
Armageddon It
5.5%
Pink Floyd
Run Like Hell
4.4%
Def Leppard
Desert Song/Rocket/Have You Ever Needed Someone So Bad
4.4%
Muse
Resistance
3.6%
Oasis
Don't Go Away
2.6%
Pink Floyd
Take it Back
1.8%
Muse
Neutron Star Collision (Love is Forever)
1.5%
Coldplay
Christmas Lights
0.7%
Queen
These Are the Days of Our Lives
0.7%
Radiohead
Nude
0.7%
Radiohead
Planet Telex
0.7%
Radiohead
Reckoner
0%
Quiz Playlist
Details
Report
Send in Message
Add To Playlist
More Info:
My sources were the individual discographies for each band found on Wikipedia.
Classic:
Type in answers that appear in a list
Last Updated: Feb 16, 2017
Quiz Scoreboard
CHALLENGE
Sign Up to Join the Scoreboard
Show All
Scores
Hide
Comments
May contain spoilers
Recently Published
Movies - When Are They Set?
by FPL_Elf
Movies
5m
Popular People in 1961
by mucciniale
History
6m
1-10 Letter E Words III
by El_Dandy
Language
2m
More to Explore
Quiz From the Vault
Featured Blog Post
Where Did the Easter Bunny Come From?
hide this ad
You Might Also Like...
Tags
United Kingdom Quiz
British
British Invasion
britpop
English
Today's Top Quizzes in Music
Browse Music
hide this ad
Today's Top Quizzes in United Kingdom
Browse United Kingdom
Top Contributed Quizzes in Music
1
Taylor Swift All Songs (2024)
2
2010s Album by Cover III
3
One Thing in Common: Music
4
Guess the Artist- 70s Songs
5
Taylor Swift Logic Puzzle
6
Guess the Taylor Swift song (Mystery Song)
7
2010s Album by Cover IV
8
2010s Album by Cover V
9
KPOP LOGIC QUIZ
10
2010s Album by Cover VI
Explore More
Trending Topics
Harry Potter
Crossword
Kpop
NBA
Marvel
Anime
Disney
NFL
Song
The Office
Pokémon
Country
WWE
Soccer
Puzzle
hide this ad
More By:
SporcleEXP
Quiz
Plays
Rating
Category
Featured
Created
Harry Potter Deaths in Order Minefield
3,067,998
4.18
Literature
Jan 27, 2016
Sins, Dwarfs, and Spice Girls
847,245
4.42
Just For Fun
Apr 11, 2012
Ancient History Bunker
708,010
4.28
History
Jan 20, 2014
Movie Posters VI
678,969
4.37
Movies
Nov 12, 2010
Movie Posters VII
621,794
4.44
Movies
Apr 16, 2011
Go to Creator's Profile
Score Distribution
Quiz Creator Spotlight
SporcleEXP
Follow
Send a Message
Quizzes Created
-
Created Quiz Play Count
-
More By This Creator
Popular Quizzes Today
1
Find the Countries of Europe - No Outlines Minefield
2
Find the US States - No Outlines Minefield
3
The Countries of the World
4
Popular People in 1961
5
1-10 Letter E Words III
6
US States
7
Find the US States
8
One Thing in Common: World Cities II
More Music Quizzes
'90s Boy Bands and Girl Groups (Picture Click)
Curator's Pick
Trending Quizzes
Risky Map Clicking: Least Populous States A-Z
Humor Books: The Subtitles
1-10 Letter F Words
1-10 Letter G Words
One Thing in Common: United Kingdom
Recently Updated
Leaping Animals
pecheneg
Reality TV Shows (A-Z)
bhenderson79
Rickey Henderson's Hall of Fame Teammates
pecheneg
Champions League XIs: Arsenal
pecheneg
Quick Pick: Celebrities in WWE's Hall of Fame
aduchscher
A-Z Keypad Blitz II
pecheneg
Multiple Oscar Actors
pecheneg
Mystery Phrase Blitz: Oscar 'Best Actors'
pecheneg
F. Scott Fitzgerald Novels
LTH
Pick 3 Villains
ddd62291
Trending Topics
Kpop
Harry Potter
Crossword
Marvel
Anime
NBA
Disney
NFL
The Office
WWE
Puzzle
Soccer
Country
Pokémon
Song
Your Account Isn't Verified!
In order to create a playlist on Sporcle, you need to verify the email address you used during registration. Go to your
Sporcle Settings
to finish the process.
Report this User
Report this user for behavior that violates our
Community Guidelines
.
Details:
Send Report
Go to the Sporcle.com Mobile Site →
Comments